000 00274nam a2200109Ia 4500
005 20251222153543.0
008 251222s9999||||xx |||||||||||||| ||spa||
082 _a323.4/C76
245 0 _aDerechos Humanos en el Perú:
264 _bComisión Andina de Juristas
942 _cLIB
999 _c30546
_d30546